An introduction to shipping economics

Guardat en:
Dades bibliogràfiques
Autors principals: Chrzanowski, Ignacy (Autor), Wiater, S. J (Autor)
Format: Llibre
Idioma:anglès
Publicat: Londres Fairplay 1985
Matèries:
Etiquetes: Afegir etiqueta
Sense etiquetes, Sigues el primer a etiquetar aquest registre!

MARC

LEADER 00000nam a2200000 a 4500
001 UCV4781
003 CL-VaPUC
008 921113e19850000UK |||||||||||||||||eng|d
082 0 4 |a 387.51  |b CHR  |2 21 
100 0 |a Chrzanowski, Ignacy  |e author  |9 298965 
700 0 |a Wiater, S. J  |e author  |9 298966 
245 1 3 |a An introduction to shipping economics 
300 |a 131 p 
942 |c BK 
945 |d 19921113 00:00:00 
260 |a Londres  |b Fairplay  |c 1985 
650 7 |a TRANSPORTE MARITIMO ASPECTOS ECONOMICOS  |2 CL-VaPUC  |9 261072 
583 |a last modification  |c 19921113 00:00:00  |k Rodrigo Vera 
999 |c 211456  |d 211454